Taylor Swift - Paroles happiness - Statistiques

Statistiques générales
  • Ce quiz a été pris 77 fois
  • Le résultat moyen est 401 sur 431
Statistiques - réponses
Hint Réponse % Correct
a
100%
after
100%
After
100%
all
100%
All
100%
And
100%
and
100%
be
100%
because
100%
behind
100%
But
100%
by
100%
can
100%
can't
100%
for
100%
happiness
100%
I
100%
in
100%
Post-refrain In
100%
is
100%
Is
100%
it
100%
it,
100%
Leave
100%
leave
100%
me
100%
me,
100%
of
100%
the
100%
there
100%
There
100%
these
100%
true
100%
was
100%
Who
100%
you
100%
You
100%
your
100%
did
97%
eyes
97%
go
97%
history,
97%
like
97%
look
97%
my
97%
No,
97%
No
97%
on
97%
our
97%
see
97%
Couplet 2 Tell
97%
That
97%
that
97%
things
97%
things,
97%
to
97%
too
97%
what
97%
when
97%
When
97%
at
93%
Both
93%
do
93%
fool
93%
give
93%
haven't
93%
hurt?
93%
hurt
93%
I'm
93%
it's
93%
loved
93%
make
93%
making
93%
met
93%
new
93%
next
93%
she'll
93%
smile
93%
smirk?
93%
spot
93%
takes
93%
this
93%
trees
93%
up
93%
villain
93%
where
93%
years
93%
yet
93%
away
90%
beautiful
90%
didn't
90%
given
90%
good
90%
guess
90%
him
90%
hurts
90%
know
90%
lifetime
90%
man
90%
mean
90%
midnight,
90%
night,
90%
now
90%
through
90%
we're
90%
above
86%
Begin
86%
deepest
86%
dress
86%
face
86%
From
86%
from
86%
fury
86%
giving
86%
Heaven
86%
hope
86%
just
86%
Pointed
86%
price
86%
seven
86%
Refrain There'll
86%
think
86%
wore
86%
would've
86%
best
83%
dancing
83%
divide
83%
down
83%
facts
83%
forgiveness
83%
great
83%
had
83%
head
83%
Couplet 1 | Couplet 3 Honey,
83%
lay
83%
light
83%
mine
83%
music
83%
one
83%
reinvention
83%
shit
83%
Sorry,
83%
start
83%
stopped
83%
sunrise
83%
used
83%
want
83%
weapons
83%
winning
83%
believe
79%
Every
79%
green
79%
Haunted
79%
hiding
79%
into
79%
I've
79%
pillow
79%
teaches
79%
body
76%
disbelief,
76%
dividin'
76%
glorious
76%
Oh,
76%
Post-refrain Past
76%
right
76%
spots
76%
blood
72%
fake
72%
get
72%
goddamn
72%
leak
72%
lessons
72%
Showed
72%
with
72%
acid
69%
bruise
69%
curses
66%
flickers
66%
niceties
66%
rain
66%
cries
62%
Dappled
59%
paid
59%
pulled
59%
across
55%
Beyond
55%
terror
52%
nightfall
41%
Aucun quiz correspondant
Distribution des résultats
% des personnes avec chaque résultat
Percentile par nombre de réponses
Votre historique - résultats
Vous n’avez pas pris ce quiz